| 000 | 00862nam a2200241 i 4500 | ||
|---|---|---|---|
| 005 | 20160115091631.0 | ||
| 008 | 140219s1996 ck ||||| |||| 00| 0 spa d | ||
| 040 |
_aCO-BoIAVH _cCO-BoIAVH |
||
| 041 | _aspa | ||
| 044 | _ack | ||
| 082 | 0 | 4 |
_a333.7316 _bS47s |
| 100 | 1 | _a. | |
| 111 | 2 |
_aSeminario Nacional sobre Actualización en Conservación de Suelos y Laderas _cSantafé de Bogotá, Colombia _d1996 |
|
| 245 | 0 | 0 |
_aSeminario nacional sobre actualización en conservación de suelos y laderas : _bmemorias |
| 260 |
_aBogotá : _bINAT, _c1996. |
||
| 300 | _a207 p. | ||
| 650 | 1 | 4 | _aConservación de suelos |
| 650 | 2 | 4 | _aEcología de suelos |
| 700 |
_aKurabe, Akihiko, _eeditor. |
||
| 700 |
_aGonzález Quiroga, Rafael A., _eeditor. |
||
| 700 |
_aGonzález Murillo, Carlos A., _eeditor. |
||
| 942 |
_cLIBRO _2ddc |
||
| 999 |
_c219 _d219 |
||